| 000 | 00659nac a22001931u 4500 | ||
|---|---|---|---|
| 020 | _a8124204225 | ||
| 082 |
_a658.407124 _bDAL |
||
| 090 |
_c6969 _d6969 |
||
| 100 | _aDale, Margaret. | ||
| 245 |
_aDeveloping management skills : _b A Handbook/ _cDale Margaret |
||
| 260 |
_aNew Delhi: _bCrest Pub.,2004 _c2004 |
||
| 300 |
_a298p.; _c24 cm. |
||
| 500 | _adistributer: Al-Ahram | ||
| 511 | _acatalogued by: wessam | ||
| 650 | _aExecutive ability. | ||
| 650 | _aPersonnel management | ||
| 942 |
_cBB _k658.407124 DAL |
||
| 999 |
_c6969 _d6969 |
||